[Event "Wch U16 Girls"]
[Site "Montesilvano"]
[Date "2023.11.23"]
[Round "10"]
[White "Szczotka, Klara"]
[Black "Nuriyeva, Nurtan"]
[Result "1-0"]
[WhiteElo "2020"]
[BlackElo "1809"]
[PlyCount "93"]
[EventDate "2023.11.13"]
[EventType "swiss"]
[EventRounds "11"]
[EventCountry "ITA"]
[SourceTitle "CB48_2023"]
[SourceDate "2023.11.29"]
[SourceVersion "1"]
[SourceVersionDate "2023.11.29"]
[SourceQuality "1"]

1. e4 c5 2. Nf3 d6 3. Bb5+ Bd7 4. Bxd7+ Nxd7 5. c3 g6 6. d4 Bg7 7. 0-0 Qc7 8. Qe2 Rc8 9. Be3 e6 10. Rd1 Ngf6 11. Nbd2 0-0 12. h3 Qc6 13. Bg5 h6 14. Bh4 Nh7 15. d5 exd5 16. exd5 Qc7 17. Bg3 Rfe8 18. Qd3 c4 19. Qc2 Nhf6 20. Nf1 Qc5 21. Ne3 Nb6 22. a4 Ne4 23. Bh2 a5 24. Nd4 Rcd8 25. Nb5 h5 26. Bf4 g5 27. Bh2 Be5 28. Bxe5 Rxe5 29. Rd4 Rde8 30. Qe2 Nf6 31. Qf3 Nbxd5 32. Nxc4 Re1+ 33. Rxe1 Rxe1+ 34. Kh2 Re6 35. Qf5 g4 36. Ncxd6 Rxd6 37. c4 gxh3 38. gxh3 Qb6 39. cxd5 Rd8 40. d6 Nh7 41. Qxh5 Nf8 42. Qg4+ Ng6 43. h4 Kf8 44. h5 Ne5 45. Qf5 Qc5 46. Qf6 Ke8 47. Qe7# 1-0

[Event "Wch U16 Girls"]
[Site "Montesilvano"]
[Date "2023.11.22"]
[Round "9"]
[White "Radenkovic, Mila"]
[Black "Szczotka, Klara"]
[Result "0-1"]
[WhiteElo "1767"]
[BlackElo "2020"]
[PlyCount "66"]
[EventDate "2023.11.13"]
[EventType "swiss"]
[EventRounds "11"]
[EventCountry "ITA"]
[SourceTitle "CB48_2023"]
[SourceDate "2023.11.29"]
[SourceVersion "1"]
[SourceVersionDate "2023.11.29"]
[SourceQuality "1"]

1. e4 c5 2. Nf3 Nc6 3. d3 d6 4. g3 Nf6 5. Bg2 Qc7 6. 0-0 e5 7. c3 Be7 8. Qe2 0-0 9. Rd1 Be6 10. Na3 d5 11. Ng5 Bg4 12. f3 Bh5 13. h4 dxe4 14. dxe4 h6 15. Nh3 Rad8 16. Be3 Rxd1+ 17. Rxd1 Rd8 18. Nf2 a6 19. g4 Bg6 20. h5 Bh7 21. Bf1 b5 22. Nc2 Qc8 23. Rxd8+ Qxd8 24. a4 c4 25. Ne1 Qa5 26. Qc2 Nd5 27. Bc1 Bc5 28. axb5 axb5 29. b4 cxb3 30. Qxb3 Nxc3 31. Qc2 Nd4 32. Qd2 Nb3 33. Qc2 Nxe4 0-1

[Event "Wch U16 Girls"]
[Site "Montesilvano"]
[Date "2023.11.21"]
[Round "8"]
[White "Szczotka, Klara"]
[Black "Yu, Yuexi"]
[Result "1/2-1/2"]
[WhiteElo "2020"]
[BlackElo "1734"]
[PlyCount "71"]
[EventDate "2023.11.13"]
[EventType "swiss"]
[EventRounds "11"]
[EventCountry "ITA"]
[SourceTitle "CB48_2023"]
[SourceDate "2023.11.29"]
[SourceVersion "1"]
[SourceVersionDate "2023.11.29"]
[SourceQuality "1"]

1. d4 Nf6 2. c4 c5 3. d5 b5 4. cxb5 a6 5. e3 Bb7 6. Nc3 g6 7. Nf3 Bg7 8. a4 0-0 9. e4 d6 10. bxa6 Bxa6 11. Bxa6 Rxa6 12. 0-0 Nbd7 13. Ra3 Qa8 14. Nb5 Rc8 15. Re1 Ne8 16. b3 Nc7 17. Qd3 Qb7 18. Nxc7 Rxc7 19. Nd2 Ne5 20. Qe2 c4 21. bxc4 Qa7 22. Bb2 Rb7 23. Bxe5 Bxe5 24. Nf3 Bb2 25. Re3 Rxa4 26. e5 Ra2 27. exd6 exd6 28. Re7 Rxe7 29. Qxe7 Bd4 30. Qxa7 Bxa7 31. Re8+ Kg7 32. Re7 Bxf2+ 33. Kf1 Bc5 34. Re2 Ra1+ 35. Re1 Ra4 36. Re4 1/2-1/2

[Event "Wch U16 Girls"]
[Site "Montesilvano"]
[Date "2023.11.16"]
[Round "4"]
[White "Szczotka, Klara"]
[Black "Tokarz, Izabela"]
[Result "1/2-1/2"]
[WhiteElo "2020"]
[BlackElo "1931"]
[PlyCount "100"]
[EventDate "2023.11.13"]
[EventType "swiss"]
[EventRounds "11"]
[EventCountry "ITA"]
[SourceTitle "CB48_2023"]
[SourceDate "2023.11.29"]
[SourceVersion "1"]
[SourceVersionDate "2023.11.29"]
[SourceQuality "1"]

1. d4 Nf6 2. c4 g6 3. Nc3 d5 4. Qb3 dxc4 5. Qxc4 Bg7 6. e4 0-0 7. Be2 a6 8. Bf4 b5 9. Qxc7 Qxc7 10. Bxc7 b4 11. Na4 Nc6 12. d5 Nd4 13. Bd3 Bd7 14. Nb6 Ra7 15. Be5 Bb5 16. Bxd4 Bxd3 17. e5 Ng4 18. Rd1 Bb5 19. f4 Rc7 20. h3 Nh6 21. g4 Rc2 22. Rd2 Rc1+ 23. Kf2 Rf1+ 24. Kg3 f5 25. g5 Nf7 26. h4 Rb8 27. h5 gxh5 28. Rxh5 Nd6 29. exd6 Bxd4 30. Rxd4 Rxg1+ 31. Kh2 Rb1 32. dxe7 Rxb2+ 33. Kg3 Rxb6 34. d6 Bd7 35. e8Q+ Bxe8 36. d7 Bxd7 37. Rxd7 Rc6 38. Rd8+ Kg7 39. Rd7+ Kf8 40. Rh1 Rc3+ 41. Kh4 Rxa2 42. g6 Rc6 43. g7+ Kg8 44. Re1 Rc8 45. Rb7 a5 46. Re5 Rg2 47. Rxa5 Rxg7 48. Rxb4 Rf8 49. Kh5 Rg6 50. Rb7 Rg2 1/2-1/2

[Event "POL-ch Blitz U18 Girls"]
[Site "Bydgoszcz"]
[Date "2023.08.31"]
[Round "2"]
[White "Pastuszko, Katarzyna"]
[Black "Szczotka, Klara"]
[Result "0-1"]
[WhiteElo "1315"]
[BlackElo "1918"]
[PlyCount "78"]
[EventDate "2023.08.28"]
[EventType "swiss"]
[EventRounds "9"]
[EventCountry "POL"]
[SourceTitle "EXT 2024"]
[Source "ChessBase"]
[SourceDate "2023.10.10"]
[SourceVersion "1"]
[SourceVersionDate "2023.10.10"]
[SourceQuality "1"]

1. e4 c5 2. Nf3 Nc6 3. d4 cxd4 4. Nxd4 Nf6 5. Nc3 e5 6. Ndb5 d6 7. Bg5 a6 8. Na3 b5 9. Nd5 Be7 10. Bxf6 Bxf6 11. c4 b4 12. Nc2 Rb8 13. Be2 Bg5 14. 0-0 0-0 15. Nce3 Be6 16. Qd2 Bh6 17. Rad1 Nd4 18. Bd3 Bxd5 19. cxd5 a5 20. Qe1 g6 21. Ng4 Bg7 22. Qe3 Qh4 23. h3 f5 24. Nh2 Bh6 25. Qg3 Qxg3 26. fxg3 fxe4 27. Bxe4 Ne2+ 28. Kh1 Nxg3+ 29. Kg1 Rxf1+ 30. Rxf1 Nxe4 31. Ng4 Bg7 32. Ne3 Rc8 33. Re1 Ng3 34. Ng4 h5 35. Ne3 Nf5 36. Kf2 Nxe3 37. Kxe3 Rc2 38. g4 hxg4 39. hxg4 Rxb2 0-1

[Event "POL-ch Rapid U18 Girls"]
[Site "Bydgoszcz"]
[Date "2023.08.29"]
[Round "4"]
[White "Szczotka, Klara"]
[Black "Seemann, Pola"]
[Result "0-1"]
[WhiteElo "1828"]
[BlackElo "1700"]
[PlyCount "126"]
[EventDate "2023.08.28"]
[EventType "swiss"]
[EventRounds "11"]
[EventCountry "POL"]
[SourceTitle "EXT 2024"]
[Source "ChessBase"]
[SourceDate "2023.10.10"]
[SourceVersion "1"]
[SourceVersionDate "2023.10.10"]
[SourceQuality "1"]

1. d4 d5 2. c4 e6 3. Nc3 Nf6 4. cxd5 exd5 5. Bg5 c6 6. e3 Bd6 7. Bd3 0-0 8. Qc2 h6 9. Bh4 Re8 10. Nge2 a5 11. h3 Na6 12. a3 Nc7 13. 0-0 Ne6 14. Rad1 Ng5 15. Bf5 Bxf5 16. Qxf5 Nfe4 17. Nxe4 dxe4 18. Bxg5 hxg5 19. f4 exf3 20. Rxf3 Qe7 21. Nc3 g6 22. Qd3 Kg7 23. e4 Rad8 24. Rdf1 Bb8 25. Qc4 Rf8 26. Kh1 Qc7 27. e5 b5 28. Qd3 Qa7 29. Ne2 Bxe5 30. Qe3 Bxd4 31. Qxg5 Rd5 32. Qg4 f5 33. Qg5 Bf6 34. Qg3 Be5 35. Qg5 Qd7 36. Ng3 Bxg3 37. Rxg3 Qd6 38. Re1 Rf7 39. Rf3 Rd1 40. Rff1 Rxe1 41. Rxe1 Qf6 42. Qd2 f4 43. Rf1 g5 44. Qxa5 Qxb2 45. Qd8 Qf6 46. Qd3 Qe5 47. Qf3 c5 48. Rd1 Qe3 49. Rd5 Qxf3 50. gxf3 Rc7 51. Rxg5+ Kf6 52. Rd5 c4 53. Rxb5 c3 54. Rb1 c2 55. Rc1 Ke5 56. Kg2 Kd4 57. Kf2 Kd3 58. Ke1 Re7+ 59. Kf2 Kd2 60. Rxc2+ Kxc2 61. a4 Kd3 62. Kg2 Ke3 63. h4 Ra7 0-1

[Event "POL-ch Rapid U18 Girls"]
[Site "Bydgoszcz"]
[Date "2023.08.29"]
[Round "2"]
[White "Szczotka, Klara"]
[Black "Zielinska, Aleksandra1111"]
[Result "1-0"]
[WhiteElo "1828"]
[BlackElo "1481"]
[PlyCount "75"]
[EventDate "2023.08.28"]
[EventType "swiss"]
[EventRounds "11"]
[EventCountry "POL"]
[SourceTitle "EXT 2024"]
[Source "ChessBase"]
[SourceDate "2023.10.10"]
[SourceVersion "1"]
[SourceVersionDate "2023.10.10"]
[SourceQuality "1"]

1. d4 Nf6 2. c4 g6 3. Nc3 Bg7 4. e4 d6 5. h3 0-0 6. Nf3 Nc6 7. Be3 e5 8. d5 Ne7 9. Be2 Nd7 10. g4 Nf6 11. Nd2 c6 12. h4 Ne8 13. h5 f6 14. hxg6 hxg6 15. Nb3 c5 16. Qd2 Kf7 17. Bh6 Rh8 18. 0-0-0 Nc7 19. Bxg7 Kxg7 20. g5 f5 21. exf5 Nxf5 22. Ne4 Qf8 23. Bd3 Ne8 24. f4 Nd4 25. fxe5 Nxb3+ 26. axb3 dxe5 27. Rdf1 Bf5 28. Ng3 Nd6 29. Bxf5 Nxf5 30. Nxf5+ gxf5 31. Rxh8 Kxh8 32. Qh2+ Kg7 33. Qxe5+ Kg6 34. Qe6+ Kg7 35. Rxf5 Qd8 36. Rf7+ Kg8 37. Qg6+ Kh8 38. Rh7# 1-0

[Event "Warsaw Chess op-A"]
[Site "Warsaw"]
[Date "2022.07.23"]
[Round "6"]
[White "Szczotka, Klara"]
[Black "Sowul, Bartosz"]
[Result "0-1"]
[WhiteElo "1760"]
[BlackElo "2283"]
[PlyCount "80"]
[EventDate "2022.07.18"]
[EventType "swiss"]
[EventRounds "9"]
[EventCountry "POL"]
[SourceTitle "CBM 209 Extra"]
[Source "ChessBase"]
[SourceDate "2022.09.30"]
[SourceVersion "1"]
[SourceVersionDate "2022.09.30"]
[SourceQuality "1"]

1. d4 Nf6 2. c4 c5 3. d5 e6 4. Nc3 exd5 5. cxd5 d6 6. e4 g6 7. Bd3 Bg7 8. h3 0-0 9. Nf3 Nh5 10. 0-0 Nd7 11. Bg5 Bf6 12. Be3 Re8 13. g4 Ng7 14. Qd2 a6 15. a4 h5 16. g5 Ne5 17. Nh2 Be7 18. h4 Bh3 19. Rfe1 Qd7 20. Be2 f6 21. f4 Ng4 22. Bf1 Nxe3 23. Rxe3 Bxf1 24. Rxf1 b5 25. Qc2 Bd8 26. gxf6 Bxf6 27. Rg3 Kh7 28. Qg2 Qf7 29. Nf3 b4 30. Nd1 Rxe4 31. Ne5 dxe5 32. Qxe4 Nf5 33. Rgf3 Nd6 34. Qc2 e4 35. R3f2 Bd4 36. Qd2 e3 37. Nxe3 Ne4 38. Qd3 Nxf2 39. Rxf2 Re8 40. Rf3 Rxe3 0-1

[Event "Wch Blitz (Women)"]
[Site "Warsaw"]
[Date "2021.12.30"]
[Round "17"]
[White "Szczotka, Klara"]
[Black "Garcia Martin, Marta"]
[Result "1-0"]
[WhiteElo "1755"]
[BlackElo "2325"]
[PlyCount "113"]
[EventDate "2021.12.29"]
[EventType "swiss (blitz)"]
[EventRounds "17"]
[EventCountry "POL"]
[SourceTitle "CBM 205 Extra"]
[Source "ChessBase"]
[SourceDate "2022.01.31"]
[SourceVersion "1"]
[SourceVersionDate "2022.01.31"]
[SourceQuality "1"]

1. d4 d5 2. c4 e6 3. cxd5 exd5 4. Nc3 c6 5. Nf3 Bf5 6. Bf4 Bd6 7. Bg3 Nf6 8. e3 0-0 9. Bd3 Ne4 10. Bxe4 dxe4 11. Nh4 Be6 12. Nxe4 Bb4+ 13. Nd2 Bc4 14. a3 Bxd2+ 15. Qxd2 Nd7 16. Qc2 Bb5 17. f3 Rc8 18. Kf2 c5 19. d5 c4 20. Nf5 Nc5 21. Nd6 Nd3+ 22. Ke2 Rc5 23. Nxb5 Rxb5 24. Qxc4 Qxd5 25. Qxd5 Rxd5 26. e4 Rd7 27. Rab1 Rc8 28. Rhd1 Rcd8 29. Ke3 f6 30. Rd2 Nc5 31. Rxd7 Rxd7 32. b4 Na4 33. Rb3 Rd1 34. Rd3 Ra1 35. Bd6 Ra2 36. Rd2 Rxa3+ 37. Rd3 Ra2 38. Rd2 Ra1 39. h4 Kf7 40. Bc5 b6 41. Bd4 Ra3+ 42. Rd3 Ra2 43. Rd2 Ra3+ 44. Rd3 Ra2 45. Rd2 Rxd2 46. Kxd2 a6 47. Kc2 b5 48. Kd3 h5 49. g4 Kg6 50. Ke3 Kh6 51. Kf4 Kg6 52. e5 fxe5+ 53. Kxe5 hxg4 54. fxg4 Kf7 55. Kf5 Kg8 56. Kg6 Kf8 57. h5 1-0

[Event "Wch Blitz (Women)"]
[Site "Warsaw"]
[Date "2021.12.30"]
[Round "15"]
[White "Szczotka, Klara"]
[Black "Smirnova, Ekaterina"]
[Result "1/2-1/2"]
[WhiteElo "1755"]
[BlackElo "2196"]
[PlyCount "134"]
[EventDate "2021.12.29"]
[EventType "swiss (blitz)"]
[EventRounds "17"]
[EventCountry "POL"]
[SourceTitle "CBM 205 Extra"]
[Source "ChessBase"]
[SourceDate "2022.01.31"]
[SourceVersion "1"]
[SourceVersionDate "2022.01.31"]
[SourceQuality "1"]

1. d4 d5 2. c4 c6 3. cxd5 cxd5 4. Nc3 Nf6 5. Bg5 e6 6. e3 Nc6 7. Bd3 Be7 8. Nge2 h6 9. Bh4 0-0 10. 0-0 Bd7 11. a3 Rc8 12. Rc1 Na5 13. Bg3 Nc4 14. Qc2 a6 15. a4 Qb6 16. b3 Na5 17. Rb1 Nc6 18. Qd2 Nb4 19. Rfc1 Rc6 20. Na2 Nxd3 21. Qxd3 Rfc8 22. Rxc6 Rxc6 23. Rc1 Rxc1+ 24. Naxc1 Qc6 25. Qc3 Ne4 26. Qxc6 Bxc6 27. Bc7 Kf8 28. f3 Nf6 29. Kf2 Ke8 30. Ba5 Nd7 31. Nd3 f6 32. Nef4 Kf7 33. Bb4 Bd8 34. Nc5 Nxc5 35. Bxc5 e5 36. Nd3 Ke6 37. Bf8 Kf7 38. Bd6 exd4 39. exd4 g6 40. Ke3 Ke6 41. Bf8 h5 42. g4 hxg4 43. fxg4 Bc7 44. h4 Kf7 45. Bb4 Bd7 46. Kf3 Kg7 47. Nc5 Bc8 48. Bd2 Bb6 49. b4 Bxc5 50. dxc5 Bd7 51. a5 Bc6 52. Ke3 f5 53. gxf5 gxf5 54. Kf4 Kg6 55. Bc3 Bd7 56. Ke5 Bc6 57. Bd2 d4 58. Kxd4 Bg2 59. Ke5 Bf3 60. Bg5 Bg2 61. Kd6 Kh5 62. Ke6 f4 63. Bxf4 Kxh4 64. Bc7 Kg5 65. Ke5 Kg6 66. Kd4 Kf7 67. Kc4 Ke6 1/2-1/2

[Event "Wch Rapid (Women)"]
[Site "Warsaw"]
[Date "2021.12.28"]
[Round "9"]
[White "Gaboyan, Susanna"]
[Black "Szczotka, Klara"]
[Result "0-1"]
[WhiteElo "2254"]
[BlackElo "1755"]
[PlyCount "82"]
[EventDate "2021.12.26"]
[EventType "swiss (rapid)"]
[EventRounds "11"]
[EventCountry "POL"]
[SourceTitle "CBM 205 Extra"]
[Source "ChessBase"]
[SourceDate "2022.01.31"]
[SourceVersion "1"]
[SourceVersionDate "2022.01.31"]
[SourceQuality "1"]

1. e4 c5 2. Nc3 e6 3. f4 Nc6 4. Nf3 d6 5. Bc4 Nf6 6. d3 a6 7. a4 Be7 8. 0-0 0-0 9. Kh1 Rb8 10. Be3 d5 11. Ba2 d4 12. Bg1 dxc3 13. bxc3 b5 14. Qe2 b4 15. cxb4 Nxb4 16. Bc4 Qc7 17. h3 Nd7 18. f5 exf5 19. Bh2 f4 20. e5 Nb6 21. Bb3 Be6 22. Bxf4 N6d5 23. Bh2 Qd7 24. Qd2 Nc6 25. Ng5 Nd4 26. Bxd5 Qxd5 27. Ne4 Rb2 28. c4 Qb7 29. Qf4 Re2 30. Rae1 Rxe1 31. Rxe1 Nf5 32. Qf3 Qd7 33. Rb1 Rd8 34. Nc3 Qxd3 35. Qxd3 Rxd3 36. Ne4 Rd8 37. g4 Ne3 38. Nd6 Bxd6 39. exd6 Nxc4 40. d7 Bxd7 41. Rd1 Bc6+ 0-1

[Event "Wch Rapid (Women)"]
[Site "Warsaw"]
[Date "2021.12.28"]
[Round "11"]
[White "Katkov, Michelle"]
[Black "Szczotka, Klara"]
[Result "0-1"]
[WhiteElo "2151"]
[BlackElo "1755"]
[PlyCount "146"]
[EventDate "2021.12.26"]
[EventType "swiss (rapid)"]
[EventRounds "11"]
[EventCountry "POL"]
[SourceTitle "CBM 205 Extra"]
[Source "ChessBase"]
[SourceDate "2022.01.31"]
[SourceVersion "1"]
[SourceVersionDate "2022.01.31"]
[SourceQuality "1"]

1. e4 c5 2. c3 Nf6 3. e5 Nd5 4. d4 cxd4 5. cxd4 e6 6. Nf3 d6 7. Bc4 Nc6 8. 0-0 Be7 9. exd6 Bxd6 10. Nc3 Nxc3 11. bxc3 0-0 12. Bd3 Qc7 13. Qe2 Bd7 14. Re1 Rfe8 15. Qe4 f5 16. Qe2 Rac8 17. Bd2 Na5 18. Rab1 b6 19. Ba6 Rb8 20. c4 Nc6 21. Bc3 Ne7 22. Qb2 Ng6 23. Rbd1 Bc8 24. Bb5 Re7 25. d5 e5 26. Bc6 Bb7 27. Bxb7 Rxb7 28. g3 Rb8 29. Qe2 Rbe8 30. Ng5 Nf8 31. Qh5 h6 32. Nf3 Qxc4 33. Ba1 Qg4 34. Qxg4 fxg4 35. Nh4 g6 36. Re4 h5 37. Rde1 Kf7 38. Ng2 Nd7 39. Ne3 Nc5 40. Rc4 b5 41. Rc2 Nd3 42. Rd1 Nb4 43. Rb2 Rb8 44. a3 Na6 45. a4 Nc7 46. Nc4 Rd7 47. Na5 Rb6 48. Nc6 bxa4 49. Rxb6 axb6 50. Bxe5 Bc5 51. d6 Nb5 52. Nb8 Rxd6 53. Bxd6 Nxd6 54. Nd7 Ne4 55. Nxc5 Nxc5 56. Rb1 Nb3 57. h3 gxh3 58. Kh2 b5 59. Rd1 a3 60. Rd7+ Ke6 61. Ra7 b4 62. Ra4 Kd5 63. Kxh3 Kc4 64. Kh4 Nc5 65. Ra5 Ne4 66. f3 Nd2 67. f4 Nf3+ 68. Kh3 Kb3 69. Kg2 Nd4 70. Ra6 a2 71. Kf2 Kb2 72. Ra4 a1Q 73. Rxb4+ Kc3 0-1

[Event "Wch Rapid (Women)"]
[Site "Warsaw"]
[Date "2021.12.26"]
[Round "1"]
[White "Szczotka, Klara"]
[Black "Efroimski, Marsel"]
[Result "1/2-1/2"]
[WhiteElo "1755"]
[BlackElo "2429"]
[PlyCount "178"]
[EventDate "2021.12.26"]
[EventType "swiss (rapid)"]
[EventRounds "11"]
[EventCountry "POL"]
[SourceTitle "CBM 205 Extra"]
[Source "ChessBase"]
[SourceDate "2022.01.31"]
[SourceVersion "1"]
[SourceVersionDate "2022.01.31"]
[SourceQuality "1"]

1. d4 e6 2. c4 b6 3. Nc3 Bb7 4. Nf3 f5 5. e3 Nf6 6. Bd3 Bb4 7. Bd2 0-0 8. 0-0 Qe8 9. Nb5 Bxd2 10. Nxd2 Na6 11. f3 Qe7 12. Rc1 c6 13. Nc3 c5 14. Qe2 Nc7 15. Nb3 d6 16. Rfe1 Qf7 17. a4 a5 18. e4 Nh5 19. Qe3 f4 20. Qf2 e5 21. dxe5 dxe5 22. Nd5 Ra6 23. Qh4 Ne6 24. Qg4 Bc6 25. Ra1 Bd7 26. Qf5 Re8 27. Qxf7+ Kxf7 28. Bf1 g5 29. Kf2 Rg8 30. Be2 Nhg7 31. g4 fxg3+ 32. hxg3 h5 33. Rh1 Rf8 34. Nc1 g4 35. Nd3 gxf3 36. Nxe5+ Ke8 37. Bxf3 Bc8 38. Kg2 Ra7 39. Bxh5+ Nxh5 40. Rxh5 Rg7 41. Rf1 Rxf1 42. Kxf1 Bb7 43. Rh8+ Nf8 44. Nf6+ Ke7 45. Nh5 Rg5 46. Nf3 Rg4 47. Nd2 Bxe4 48. Rh6 Bg6 49. Kf2 Rd4 50. Ke3 Rd3+ 51. Ke2 Rd6 52. Ke1 Kf7 53. Nf4 Kg7 54. Rh4 Nd7 55. Nd5 Ne5 56. b3 Re6 57. Kf1 Nd3 58. Nf3 Nc1 59. Rg4 Kf8 60. Nf4 Bd3+ 61. Kf2 Rf6 62. Nd5 Rf7 63. Ke3 Rxf3+ 64. Kxf3 Be2+ 65. Kf4 Bxg4 66. Kxg4 Nxb3 67. Nxb6 Nd2 68. Kf5 Kf7 69. g4 Nf3 70. Nd7 Ke7 71. Ne5 Nd4+ 72. Ke4 Ne2 73. Kd5 Nc3+ 74. Kxc5 Nxa4+ 75. Kb5 Nb2 76. Nc6+ Kf6 77. Nxa5 Nd3 78. Nb3 Kg5 79. Nc5 Ne5 80. Ne4+ Kxg4 81. c5 Kf5 82. Nc3 Ke6 83. Ne4 Kd7 84. Kb6 Nc4+ 85. Kb5 Ne5 86. Nf6+ Ke6 87. Ne4 Kd5 88. Nc3+ Ke6 89. Ka6 Nd7 1/2-1/2

[Event "Wch Rapid (Women)"]
[Site "Warsaw"]
[Date "2021.12.26"]
[Round "3"]
[White "Szczotka, Klara"]
[Black "Fernandez, Maria Florencia"]
[Result "0-1"]
[WhiteElo "1755"]
[BlackElo "2229"]
[PlyCount "72"]
[EventDate "2021.12.26"]
[EventType "swiss (rapid)"]
[EventRounds "11"]
[EventCountry "POL"]
[SourceTitle "CBM 205 Extra"]
[Source "ChessBase"]
[SourceDate "2022.01.31"]
[SourceVersion "1"]
[SourceVersionDate "2022.01.31"]
[SourceQuality "1"]

1. d4 Nf6 2. c4 g6 3. Nc3 Bg7 4. e4 d6 5. Be2 0-0 6. Be3 Na6 7. g4 c5 8. d5 e6 9. g5 Ne8 10. h4 exd5 11. cxd5 Nec7 12. a4 Nb4 13. Nf3 Bg4 14. Rg1 Bh5 15. Nh2 Bxe2 16. Qxe2 a6 17. f3 b5 18. a5 c4 19. Kf2 Nd3+ 20. Kg3 Qe7 21. Ng4 Rae8 22. Qd2 b4 23. Nd1 Nb5 24. Ra4 f5 25. gxf6 Bxf6 26. Bg5 Bxg5 27. hxg5 Nd4 28. Nf6+ Rxf6 29. gxf6 Qxf6 30. Rf1 Qe5+ 31. Kg2 Rf8 32. Qe3 Rf4 33. Rf2 Rh4 34. f4 Nxf4+ 35. Rxf4 Rxf4 36. Rxb4 Qg5+ 0-1

[Event "POL-ch U20 Girls"]
[Site "Pokrzywna"]
[Date "2021.12.11"]
[Round "7"]
[White "Starosta, Martyna"]
[Black "Szczotka, Klara"]
[Result "1/2-1/2"]
[WhiteElo "1938"]
[BlackElo "1755"]
[PlyCount "139"]
[EventDate "2021.12.06"]
[EventType "swiss"]
[EventRounds "9"]
[EventCountry "POL"]
[SourceTitle "CBM 205 Extra"]
[Source "ChessBase"]
[SourceDate "2022.01.31"]
[SourceVersion "1"]
[SourceVersionDate "2022.01.31"]
[SourceQuality "1"]

1. e4 c6 2. d4 d5 3. exd5 cxd5 4. c4 Nf6 5. Nc3 e6 6. Nf3 Bb4 7. Bd3 dxc4 8. Bxc4 0-0 9. 0-0 Nbd7 10. Bg5 h6 11. Bh4 a6 12. Qe2 b5 13. Bb3 Bb7 14. d5 exd5 15. Nxd5 Re8 16. Qc2 Rc8 17. Qf5 Bxd5 18. Bxd5 Qb6 19. Bb3 Kf8 20. Rad1 Qb7 21. Bxf6 Nxf6 22. Ne5 Re7 23. Rc1 Rec7 24. Rxc7 Rxc7 25. Rd1 Qe4 26. Qxe4 Nxe4 27. Nxf7 Bc5 28. Kf1 Nxf2 29. Rc1 Nd3 30. Rc3 Nxb2 31. Nd8 Ke8 32. Ne6 Rf7+ 33. Ke2 Rf2+ 34. Ke1 Bb4 35. Nxg7+ Kd7 36. Kxf2 Bxc3 37. Nf5 Bd2 38. Ke2 Bc1 39. Bd5 Na4 40. Kd3 Kc7 41. g3 Nb6 42. Be6 Kc6 43. h4 Nd5 44. Kc2 Ba3 45. Nxh6 Kd6 46. Bc8 a5 47. h5 Nf6 48. g4 Nh7 49. Bf5 Ng5 50. Bd3 Ke5 51. Bxb5 Bf8 52. Ng8 Bg7 53. Kb3 Kf4 54. Bd7 Nf7 55. Ka4 Bc3 56. Ne7 Kg5 57. Nc6 Nh6 58. Nxa5 Nxg4 59. Bxg4 Kxg4 60. Kb5 Kxh5 61. Nc6 Kg5 62. a4 Kf5 63. Nb4 Ke6 64. a5 Kd7 65. a6 Bd4 66. Nd5 Kc8 67. Ne7+ Kc7 68. Nc6 Bf2 69. Nb4 Kb8 70. Nd5 1/2-1/2

[Event "POL-ch U20 Girls"]
[Site "Pokrzywna"]
[Date "2021.12.09"]
[Round "5"]
[White "Szczotka, Klara"]
[Black "Siekanska, Zuzanna"]
[Result "1-0"]
[WhiteElo "1755"]
[BlackElo "1783"]
[PlyCount "89"]
[EventDate "2021.12.06"]
[EventType "swiss"]
[EventRounds "9"]
[EventCountry "POL"]
[SourceTitle "CBM 205 Extra"]
[Source "ChessBase"]
[SourceDate "2022.01.31"]
[SourceVersion "1"]
[SourceVersionDate "2022.01.31"]
[SourceQuality "1"]

1. e4 e5 2. Nf3 Nc6 3. d4 exd4 4. Bc4 Nf6 5. e5 d5 6. Bb5 Ne4 7. Nxd4 Bd7 8. Bxc6 bxc6 9. 0-0 Bc5 10. f3 Ng5 11. f4 Ne4 12. Be3 Bb6 13. Nd2 Nxd2 14. Qxd2 c5 15. Nb3 d4 16. Bf2 Bc6 17. Kh1 Qd5 18. Bg1 Rd8 19. Rad1 a5 20. Rf3 a4 21. Nc1 Qxf3 22. gxf3 Bxf3+ 23. Qg2 Bxg2+ 24. Kxg2 0-0 25. b3 axb3 26. axb3 Ra8 27. Nd3 c4 28. bxc4 c5 29. Rb1 Ra6 30. Rb5 Rc8 31. Kf3 Kf8 32. Ke4 Ba7 33. Rb7 Ke8 34. Bf2 Rd8 35. Bh4 Rd7 36. Rb1 f6 37. f5 fxe5 38. Nxe5 Rc7 39. Kd5 Rb6 40. Re1 Kf8 41. Bd8 Rbb7 42. Bxc7 Rxc7 43. Kd6 Rb7 44. Nd7+ Kf7 45. Re7+ 1-0

[Event "EU-ch Hybrid U14 Girls"]
[Site "Tornelo INT"]
[Date "2021.10.15"]
[Round "5"]
[White "Sichinava, Mariam"]
[Black "Szczotka, Klara"]
[Result "1-0"]
[WhiteElo "1607"]
[BlackElo "1893"]
[PlyCount "87"]
[EventDate "2021.10.15"]
[EventType "swiss"]
[EventRounds "9"]
[EventCountry "NET"]
[SourceTitle "EXT 2023"]
[Source "ChessBase"]
[SourceDate "2022.10.05"]
[SourceVersion "1"]
[SourceVersionDate "2022.10.05"]
[SourceQuality "1"]
[WhiteTeam "Georgia"]
[BlackTeam "Poland"]
[WhiteTeamCountry "GEO"]
[BlackTeamCountry "POL"]

1. Nf3 d5 2. g3 Nc6 3. d4 Bf5 4. Bg2 Nb4 5. Na3 e6 6. 0-0 Be7 7. Bf4 a6 8. c4 Nf6 9. Qa4+ Qd7 10. Qb3 dxc4 11. Qxc4 Nbd5 12. Ne5 Qd8 13. Bg5 Ne4 14. Bxe7 Nxe7 15. Rfd1 f6 16. Nd3 b5 17. Qb4 c6 18. Nc5 Ng5 19. e4 Bg4 20. Rd3 f5 21. Nb7 Qc7 22. Nd6+ Kd7 23. e5 Nd5 24. Qd2 h6 25. h4 Nh7 26. Bxd5 exd5 27. Qe3 Ke6 28. Re1 Raf8 29. f4 Rhg8 30. Nc2 g5 31. hxg5 hxg5 32. Nb4 gxf4 33. Qxf4 Ng5 34. Kg2 Nh3 35. Qh6+ Ke7 36. Rc3 Ng5 37. Nxd5+ Kd7 38. Nxc7 Kxc7 39. Ne8+ Rxe8 40. Qxc6+ Kb8 41. Qb6+ Ka8 42. Qxa6+ Kb8 43. Qb6+ Ka8 44. Ra3# 1-0

[Event "EU-ch Hybrid U14 Girls"]
[Site "Tornelo INT"]
[Date "2021.10.15"]
[Round "4"]
[White "Szczotka, Klara"]
[Black "Kovacs, Reka"]
[Result "1-0"]
[WhiteElo "1893"]
[BlackElo "1663"]
[PlyCount "81"]
[EventDate "2021.10.15"]
[EventType "swiss"]
[EventRounds "9"]
[EventCountry "NET"]
[SourceTitle "EXT 2023"]
[Source "ChessBase"]
[SourceDate "2022.10.05"]
[SourceVersion "1"]
[SourceVersionDate "2022.10.05"]
[SourceQuality "1"]
[WhiteTeam "Poland"]
[BlackTeam "Hungary"]
[WhiteTeamCountry "POL"]
[BlackTeamCountry "HUN"]

1. d4 Nf6 2. c4 e6 3. Nc3 Bb4 4. e3 0-0 5. Bd2 b6 6. Nf3 d5 7. cxd5 exd5 8. Bd3 c5 9. 0-0 Bg4 10. h3 Bh5 11. a3 Bxc3 12. Bxc3 Ne4 13. g4 Bg6 14. Ne5 Qh4 15. Kg2 f5 16. Bxe4 fxe4 17. dxc5 Rd8 18. cxb6 axb6 19. Qb3 Qf6 20. Rad1 Bf7 21. f4 Na6 22. Bd4 Nc5 23. Qb5 Be8 24. Qe2 Ba4 25. Rc1 Rac8 26. Kg3 Nb3 27. Rxc8 Rxc8 28. Bc3 Qd8 29. g5 d4 30. exd4 Nxd4 31. Qxe4 Bb5 32. Re1 Ne2+ 33. Rxe2 Bxe2 34. Qxe2 Qd5 35. Qd3 Qh1 36. Bd4 Qb7 37. Qb3+ Kf8 38. Qe6 Rc7 39. Bxb6 Qe4 40. Bc5+ Rxc5 41. Qf7# 1-0